000 00526nam a22001937a 4500
999 _c7641
_d7641
003 OSt
005 20220121111539.0
008 220121b ||||| |||| 00| 0 eng d
020 _a0435680447
040 _cDDC
082 _a530 AVE 1971
100 _aAvery.J.H;Ingram .A.W.K;
_915627
245 _aModern Laboratory Physics
260 _aLondon,
_bHeinemann Educational Books,
_c1971.
300 _aix,584p.
_bill.
_c24cm.
504 _ait includes bibliography and index
650 _aPhysics
_9809
942 _2ddc
_cO_SHELF